000 01069nam0a22002651 4500
001 rc\489016
005 20030616171405.0
035 _a(NLR Aleph) 005731139
090 _a7580182
_c7580182
100 _a20030616d1988 u |0rusy50 ca
101 0 _arus
102 _aRU
105 _aa |||||||||
200 1 _aВзаимодействие катализатора и реакционной системы
_eСб. науч. тр.
_fАН СССР, Сиб. отд-ние, Ин-т катализа
_gПод ред. К.И. Замараева
210 _aНовосибирск
_cИн-т катализа
_d1988
215 _a176 с.
_cграф.
_d20
320 _aБиблиогр.: с. 3 (8 назв.)
320 _aБиблиогр. в конце ст.
702 1 _aЗамараев
_bК. И.
_gКирилл Ильич
_4340
712 0 2 _aИнститут катализа им. Г.К.Борескова
_cНовосибирск
_3RU\NLR\AUTH\8810008784
801 0 _aRU
_bNLR
_gpsbo
801 1 _aRU
_bELAR
_2rusmarc
852 _aNLR
_j89-3/14094
942 _cBOOK
980 _aNB